| 000 | 01276naa a22003617a 4500 | ||
|---|---|---|---|
| 001 | BR8105411 | ||
| 003 | BR-BrBNA | ||
| 005 | 20240918174846.0 | ||
| 007 | ta | ||
| 008 | 230509b bl.||||| |||| 00| 0 por d | ||
| 040 |
_aBR-BrBNA _bpor _cBiblioteca Nacional de Agricultura |
||
| 041 | _a(Pt) | ||
| 072 |
_aF25; F60 _b1122 _b3801 _bG514 |
||
| 090 | _aF25 BR8105411 | ||
| 100 | 1 | _aLederman, I.E. | |
| 100 | 1 | _aMoura, R.J.M. | |
| 100 | 1 | _aBezerra, J.E.F. | |
| 245 | 1 | _aResultados preliminares de um experimento sobre o efeito da adubacao e cobertura do solo na producao do mamoeiro (Carica papaya L.)[Podzolico vermelho amarelo, Goiana, Pernambuco, Brasil] | |
| 260 | 3 |
_aRecife, PE (Brasil): _c1981. |
|
| 500 | _aAtuacao do IPA no ambito do POLONORDESTE Recife, PE (Brasil): 1981. v. 3 p. 646-651 (BR8105411-AM)F25 | ||
| 650 | _aMAMAO | ||
| 650 | _aADUBACAO | ||
| 650 | _aMATERIA ORGANICA | ||
| 650 | _aMINERAL | ||
| 650 | _aMICROELEMENTO | ||
| 650 | _aCOBERTURA VEGETAL | ||
| 650 | _aCOMPORTAMENTO DE VARIEDADE | ||
| 650 | _aDEFICIENCIA HIDRICA | ||
| 650 | _aPERNAMBUCO | ||
| 773 | 0 |
_tAtuacao do IPA no ambito do POLONORDESTE _wF25 BR8105411 _gRecife, PE (Brasil), 1981. v. 3 p. 646-651 |
|
| 909 |
_a202404 _bLucia _c55 _dLucia Elande |
||
| 942 |
_cAM _2AGRIS |
||
| 999 |
_c314041 _d314041 |
||